| 000 | 00716nam a22001817a 4500 | ||
|---|---|---|---|
| 003 | UA-OsUOA | ||
| 001 | 12286 | ||
| 007 | ta | ||
| 008 | 20050428b un ||||| |||| 00| 0 ukr d | ||
| 100 | _aЖошко О. | ||
| 942 | _cSA | ||
| 040 |
_aUA-OsUOA _cUA-OsUOA _dUA-OsUOA |
||
| 245 |
_a"Працювати вільно, чесно, відкрито..." _b[Про свою підприємницьку діяльн. розповідає дир. ТОВ "Західметал" (м. Сарни) Олег Жошко]/Розмовляв В. Басараба |
||
| 300 | _aС.6 | ||
| 955 | _a0 | ||
| 773 | 0 |
_w0 _tВільне слово _dРівне _d2005 _g№32/21 квіт./ |
|
| 650 | 7 |
_aЗахідметал _2UDC |
|
| 999 |
_c298447 _d298447 |
||